000 00578nam a2200181 i 4500
001 50556
003 ES-MaACL
005 20230906162212.0
007 t|
008 030805s1960 sp ||||1| spa d
100 1 _aCunha, T. J.
_942173
245 1 0 _aAlimentación del cerdo /
_cT.J. Cunha ; traducción de Eduardo Zotira Tomillo.
260 _aZaragoza :
_bAcribia,
_c1960 (
_fHeraldo de Aragón)
300 _aXV, 278 p. :
_bil. ;
_c24 cm.
650 4 _aCerdos-
_xAlimentación.
_9153853
700 1 _aZorita Tomillo, Eduardo.
_9118351
852 _aES-MaACL
_jC-18438
_bR.46292
999 _c50556
_d50556